ALL Fallout Factions - Statistics

General Stats
  • This quiz has been taken 25 times
    4 since last reset
  • The average score is 18 of 61
Answer Stats
Game Introduced Answer 1
Location?
Friendly 1st
Ecounter?
% Correct
4 Atom Cats X X
100%
NV Caesars Legion X
100%
4 Diamond City X X
100%
NV Fiends
100%
NV Great Khans X
100%
4 Institute
100%
2 Jacobstown X X
100%
4 Minutemen X
100%
2 New California Republic X
100%
4 Railroad X
100%
NV Vipers
100%
4 Acadia X X
50%
NV Boomers X
50%
3 Brotherhood of Steel Outcasts X
50%
4 Children of Atom X
50%
2 Enclave
50%
76 Free States X
50%
NV Gun Runners X
50%
NV Kings X X
50%
76 Responders X
50%
2 Shi X
50%
NV Talon Company X
50%
NV Van Graffs X
50%
NV Yesman X X
50%
76 Blood Eagles
0%
76 Blue Ridge Caravan X
0%
NV Bright Brotherhood X
0%
NV Dead Horses
0%
4 Disciples X
0%
3 East Coast Brotherhood of Steel X
0%
76 Enlightened X
0%
4 Far Harbor X X
0%
NV Followers of the Apocolpyse X
0%
4 Forged X
0%
76 Foundation X
0%
76 Free Radicals
0%
4 Gunners
0%
76 Hellcat Company
0%
4 Hubologists X X
0%
3 Mechanist
0%
Tactics Midwest Brotherhood of Steel X
0%
76 Modus Enclave X X
0%
NV Mr House (Vegas) X
0%
NV Omertas X X
0%
4 Operators X
0%
76 Order of Mysteries X X
0%
4 Pack X
0%
3 and 76 Peoples Liberation Army (PLA)
0%
4 Pillars of the Community X X
0%
NV Powder Gangers X
0%
NV Reilly’s Rangers X
0%
3 Republic of Dave X X
0%
4 Rust Devils
0%
NV Sorrows
0%
NV The Think Tank X
0%
2 The Unity
0%
4 Triggermen
0%
3 Union X
0%
1 West Coast Brotherhood of Steel X
0%
NV White Gloves X X
0%
NV White Legs X
0%
No matching quizzes found
Score Distribution
Percent of People with Each Score
Percentile by Number Answered
Your Score History
You have not taken this quiz since the last reset